| 000 | 00653nam a2200205 4500 | ||
|---|---|---|---|
| 001 | 20091 | ||
| 003 | CZ PrNK | ||
| 005 | 20260116115648.0 | ||
| 007 | tu | ||
| 008 | 921030s1961 xo a |0|0 0 cze | ||
| 040 |
_aABA001 _bcze _dABA001 |
||
| 100 | 1 |
_aMarton, Štefan _4com |
|
| 245 | 1 | 0 |
_aZima v slovenských horách / _cPublikáciu zost. Štefan Marton, Vladimír Adamec ; Úvodní slovo napísal Vladimír Adamec ; Báseň Rudolf Fabry |
| 260 |
_aBratislava : _bOsveta, _c1961 |
||
| 300 |
_a133 s. : _bobr. příl. |
||
| 700 | 1 |
_aAdamec, Vladimír _4com _4aui |
|
| 700 | 1 |
_aFabry, Rudolf, _d1915-1982 _4aut |
|
| 910 | _aABA001 | ||
| 942 |
_2ddc _cOLDO _n0 |
||
| 999 |
_c20091 _d20091 |
||